1711 1989 1315 1663 1357 1217 1718 1479 1324 1282 1449 1229 1285 1846 1949 1679 1139 1608 1104 1929 1741 1986 1059 1744 1911 1077 1179 1630 1228 1624 1717 1836 1971 1311 1714 1538 1385 1914 1988 1829 1683 1258 1212 1327 1364 1617 1253 1938 1896 1300 1488 1063 1361 1318 1634 1248 1052 1179 1395 1706 1457 1840 1776 1936 1025 1280 1073 1387 1321 1785 1852 1272 1539 1168 1959 1692 1197 1126 1308 1643 1298 1848 1267 1807 1940 1544 1624 1695 1268 1096 1738 1643 1320 1907 1832 1963 1473 1502 1044 BCNSPRNW ULIB Ver.6.0+V

เปลี่ยนเป็นภาษาไทย

Change to English
 แสดงรายละเอียดบรรณานุกรม
  กลับหน้าหลัก

Brief Record : Get Marc (ISO 2709) : E-mail record : QR code < ปิดหน้าต่าง
LEADER : 00000nam 2200000uu 4500
001    13399122678
003     ULIB
008    130827s2555||||th 000 0 tha d
020    ^a9789746726696
060  4 ^aQS4^bผ381ก
100    ^aผาสุก มหรรฆานุเคราะห์
245    ^aกายวิภาคศาสตร์และนิติมานุษยวิทยาของกระดูกมนุษย์./^cผาสุก มหรรฆานุเคราะห์ ; บรรณาธิการ
250    ^aพิมพ์ครั้งที่ 1
260    ^aเชียงใหม่ :^bคณะแพทยศาสตร์ มหาวิทยาลัยเชียงใหม่,^c2555
300    ^a220 หน้า
650    ^aกายวิภาคศาสตร์^xกระดูก
710 1  ^aมหาวิทยาลัยเชียงใหม่.^bคณะแพทยศาสตร์.
945    ^p500^l0^i033914
945    ^p500^l0^i033915
945    ^p500^l0^i033916
999    ^aเกษร โพธิ์สุวรรณ
รายการนี้ยังไม่มีแท็ก
คุณยังไม่ได้ล็อกอิน คุณสามารถมีกิจกรรมร่วมกับเว็บไซต์ได้ แต่ต้องล็อกอินก่อน ::
  ล็อกอิน

รายการสื่อสารสนเทศ

ลำดับที่ ประเภท เลขเรียก/บาร์โค้ด สถานที่ สถานะ
1. วิทยาศาสตร์การแพทย์ และสุขภาพ
หนังสือสำรอง
สถานะ=หนังสือสำรอง
QS4 ผ381ก ฉ.1 
  Barcode: 033914
ห้องสมุดวิทยาเขตสวรรค์ประชารักษ์
►ส่วนจัดเก็บหนังสือเก่า สปร
บนชั้น
  ขอยืม
2. วิทยาศาสตร์การแพทย์ และสุขภาพ
วิทยาศาสตร์การแพทย์ และสุขภาพ
QS4 ผ381ก ฉ.2 
  Barcode: 033915
ห้องสมุดวิทยาเขตสวรรค์ประชารักษ์
►ส่วนจัดเก็บหนังสือเก่า สปร
บนชั้น
  ขอยืม
3. วิทยาศาสตร์การแพทย์ และสุขภาพ
วิทยาศาสตร์การแพทย์ และสุขภาพ
QS4 ผ381ก ฉ.3 
  Barcode: 033916
ห้องสมุดวิทยาเขตสวรรค์ประชารักษ์
►ส่วนจัดเก็บหนังสือเก่า สปร
บนชั้น
  ขอยืม

รายการใกล้เคียง
    ผู้แต่ง [ผาสุก มหรรฆานุเคราะห์]

BibComment


ยังไม่เคยถูกคอมเมนท์

คอมเมนท์ทรัพยากรรายการนี้
  คอมเมนท์: กายวิภาคศาสตร์แล..


 Copyright 2026. Bcnsprnw @Library